[Event "GER-chT U12 Girls"]
[Site "Magdeburg"]
[Date "2023.12.29"]
[Round "5.7"]
[White "Weissleder, Emia"]
[Black "Nikitina, Alisa"]
[Result "1-0"]
[WhiteElo "1041"]
[BlackElo "1004"]
[PlyCount "93"]
[EventDate "2023.12.26"]
[EventType "team-swiss"]
[EventRounds "7"]
[EventCountry "GER"]
[SourceTitle "CB03_2024"]
[SourceDate "2024.01.17"]
[SourceVersion "1"]
[SourceVersionDate "2024.01.17"]
[SourceQuality "1"]
[WhiteTeam "Erfurt Empor"]
[BlackTeam "Stuttgart Strateg"]
[WhiteTeamCountry "GER"]
[BlackTeamCountry "GER"]

1. d4 d5 2. Nc3 Nf6 3. Bf4 a6 4. f3 Bf5 5. g4 Bd7 6. h4 Bb5 7. Qd2 e6 8. a3 Nc6 9. 0-0-0 a5 10. Nxb5 Nb4 11. Nxc7+ Kd7 12. Nxa8 Qxa8 13. Kb1 Qa7 14. e3 Be7 15. Qc3 Rc8 16. Bb5+ Kd8 17. Qd2 b6 18. Nh3 Rxc2 19. Qe1 Rc8 20. Ng5 Bf8 21. Rc1 Rxc1+ 22. Qxc1 h6 23. Nh3 Nd7 24. Qc3 f6 25. Rc1 Qb7 26. Bc7+ Ke8 27. axb4 axb4 28. Qc6 Qxc6 29. Rxc6 e5 30. Rxb6 exd4 31. Rb8+ Ke7 32. Bxd7 d3 33. Kc1 Kxd7 34. Rxf8 Kxc7 35. Nf4 b3 36. Nxd5+ Kc6 37. Nb4+ Kb5 38. Nxd3 Kc4 39. Nf4 g5 40. Ng6 Kd3 41. hxg5 hxg5 42. e4 Ke3 43. Rxf6 Kd4 44. e5 Kd5 45. e6 Kd6 46. e7+ Kd7 47. Rf8 1-0